000 00583nam a2200205 a 4500
005 20240910063827.0
008 120426s2005 mx r 000 0 spa d
020 _a9702407281
035 _aUPN01000184280
049 _aCG
050 4 _aPN6071 H7.27
_bM8.2
100 1 _aMurray Prisant, Guillermo,
_d1957-
_931523
245 1 0 _aBajo tu cama /
_cGuillermo Murray Prisant.
260 _aMéxico :
_bPatria,
_c2005.
300 _a167 p. :
_bil.
440 0 _aLeyendas de misterio.
_pPatria para jóvenes
650 4 _aCuentos de terror
_92404
905 _aLibro
999 _c156383
_d156383